[Event "AUTO-OPEN-2015"]
[Site "http://www.queenalice.com/game.php?id=850504"]
[Date "2010.10.25"]
[Round "2"]
[White "adres1"]
[Black "pgierech"]
[Result "0-1"]
[WhiteElo "1811"]
[BlackElo "2015"]

1. e4 Nf6 2. e5 Nd5 3. d4 d6 4. c4 Nb6 5. Bf4 dxe5 6. Bxe5 Nc6 7. Nf3 Bg4 8. Be2
Nxe5 9. dxe5 e6 10. Nbd2 Be7 11. O-O O-O 12. b3 c6 13. Qc2 Bf5 14. Qc3 Qc7 15.
Rad1 Rfd8 16. h3 Nd7 17. Nh2 Qxe5 18. Qf3 Nf6 19. g4 Bg6 20. Rfe1 Ne4 21. Nxe4
Qxe4 22. Rxd8+ Rxd8 23. Qg3 Rd2 24. Qf3 Qxf3 25. Bxf3 Rxa2 26. Kg2 Kf8 27. Bd1
Bd6 28. Nf3 Bc5 29. Re2 Rxe2 30. Bxe2 Bc2 31. Nd2 Bb4 32. Nf3 Bxb3 33. Ne5 Ke7
34. f4 Bd6 35. Kf3 Bxe5 36. fxe5 a5 37. c5 a4 38. Bd3 a3 39. Bb1 a2 40. Bxa2
Bxa2 41. g5 f6 42. exf6+ gxf6 43. gxf6+ Kxf6 44. Kf4 h5 45. h4 e5+ 46. Ke4 Bb1+
47. Ke3 Kf5 48. Kf3 e4+ 0-1

[Event "AUTO-OPEN-2015"]
[Site "http://www.queenalice.com/game.php?id=850505"]
[Date "2010.10.25"]
[Round "2"]
[White "pgierech"]
[Black "adres1"]
[Result "1-0"]
[WhiteElo "2055"]
[BlackElo "1797"]

1. e4 e5 2. f4 exf4 3. Nf3 g5 4. Bc4 f6 5. h4 g4 6. O-O gxf3 7. Qxf3 Bc5+ 8. Kh1
Qe7 9. Nc3 Bd4 10. Nd5 Qd6 11. c3 Bb6 12. d4 Ne7 13. Bxf4 Qc6 14. Qh5+ Ng6 15.
Nxf6+ Qxf6 16. Be5 Qxh4+ 17. Qxh4 Nxh4 18. Bxh8 d6 19. Bg7 Ng6 20. Bg8 Bg4 21.
Bxh7 Ne7 22. Rf8+ Kd7 23. Re1 c5 24. Ref1 cxd4 25. cxd4 Kc6 26. a4 a5 27. Rc1+
Kd7 28. d5 Bc7 29. Kh2 Bh5 30. Kg3 Ra6 31. Kh4 Be8 32. Bf6 Bd8 33. g4 Rb6 34. g5
Rxb2 35. Kh3 Na6 36. Bxb2 Nc5 37. e5 Nxd5 38. Bf5+ Ne6 39. Bxe6+ Ke7 40. Rh8
Nf4+ 41. Kg4 Nxe6 42. exd6+ Kd7 43. Rd1 Nxg5 44. Bc1 Nf7 45. Rh7 Bf6 46. Kf5 Bd8
47. Be3 Kc6 48. d7 Nd6+ 49. Rxd6+ Kxd6 50. dxe8=Q 1-0

[Event "AUTO-OPEN-2015"]
[Site "http://www.queenalice.com/game.php?id=850506"]
[Date "2010.10.25"]
[Round "2"]
[White "adres1"]
[Black "Fregapani"]
[Result "0-1"]
[WhiteElo "1850"]
[BlackElo "2188"]

1. e4 e5 2. Nf3 Nc6 3. Bc4 Bc5 4. O-O Nf6 5. d3 O-O 6. Bg5 h6 7. Bh4 d6 8. c3
Bg4 9. Nbd2 Na5 10. b4 Nxc4 11. Nxc4 Bb6 12. Nxb6 axb6 13. Kh1 Qe7 14. h3 Bh5
15. g4 Bg6 16. Rg1 Ra3 17. Qc1 Rfa8 18. g5 hxg5 19. Bxg5 Rxa2 20. Rxa2 Rxa2 21.
Rg2 Qe6 22. Nh4 Nxe4 23. Nxg6 Qxh3+ 24. Rh2 Nxf2+ 25. Kg1 Qg3+ 26. Rg2 Nh3+ 27.
Kf1 Qxg2+ 0-1

[Event "AUTO-OPEN-2015"]
[Site "http://www.queenalice.com/game.php?id=850507"]
[Date "2010.10.25"]
[Round "2"]
[White "Fregapani"]
[Black "adres1"]
[Result "1-0"]
[WhiteElo "2221"]
[BlackElo "1802"]

1. e4 e5 2. Nf3 Nc6 3. Bb5 Nd4 4. Nxd4 exd4 5. O-O c6 6. Bc4 b5 7. Bb3 Nf6 8.
Qe2 Be7 9. c3 O-O 10. cxd4 a5 11. e5 Ne8 12. Nc3 d6 13. d3 dxe5 14. dxe5 Bf5 15.
Ne4 Nc7 16. Rd1 a4 17. Bc2 Ne6 18. Ng3 Bg6 19. Be3 f6 20. d4 Bxc2 21. Qxc2 fxe5
22. dxe5 Qc7 23. Nf5 Bd8 24. Rd6 Re8 25. Qxc6 Qxc6 26. Rxc6 Ba5 27. Nd6 Rf8 28.
Nxb5 Nd8 29. Rc2 Re8 30. f4 Ne6 31. f5 Nf8 32. e6 Rac8 33. Rac1 Rxc2 34. Rxc2 h6
35. Rc4 Nh7 36. Rxa4 Be1 37. Nd6 Re7 38. Kf1 Bg3 39. hxg3 Nf6 40. Ra8+ Kh7 41.
Bb6 g6 42. Ra7 Rxa7 43. fxg6+ Kxg6 44. Bxa7 Nd5 45. Bd4 h5 46. b4 Ne7 47. b5 Kg5
48. b6 Kg4 49. b7 Nc6 50. e7 Nxe7 51. b8=Q Kxg3 52. Nc8+ 1-0

[Event "AUTO-OPEN-2057"]
[Site "http://www.queenalice.com/game.php?id=864422"]
[Date "2010.11.27"]
[Round "2"]
[White "pgierech"]
[Black "adres1"]
[Result "1-0"]
[WhiteElo "2092"]
[BlackElo "1849"]

1. e4 e5 2. f4 exf4 3. Nf3 c6 4. Bc4 b5 5. Bb3 Qf6 6. O-O Bc5+ 7. d4 Bb6 8. Kh1
Ne7 9. Ne5 O-O 10. Bxf4 d6 11. Be3 dxe5 12. Rxf6 gxf6 13. Bh6 Re8 14. dxe5 fxe5
15. Qf3 Be6 16. Qf6 Ng6 17. Qg7# 1-0

[Event "AUTO-OPEN-2057"]
[Site "http://www.queenalice.com/game.php?id=864423"]
[Date "2010.11.27"]
[Round "2"]
[White "adres1"]
[Black "pgierech"]
[Result "0-1"]
[WhiteElo "1803"]
[BlackElo "2052"]

1. e4 d5 2. exd5 Qxd5 3. Nf3 Bg4 4. Be2 Nf6 5. d4 e6 6. O-O Be7 7. c4 Qd8 8. Nc3
O-O 9. h3 Bh5 10. Bf4 Nbd7 11. d5 exd5 12. cxd5 Nb6 13. g4 Bg6 14. Ne5 Re8 15.
Nxg6 fxg6 16. Bc4 Nxc4 17. Qb3 Nb6 18. d6+ Kh8 19. dxe7 Qxe7 20. Nb5 Rec8 21.
Rfe1 Qf8 22. Nxc7 Nxg4 23. Bg3 Nxf2 24. Nxa8 Nxh3+ 25. Kh2 Nxa8 26. Kxh3 Qf5+
27. Kg2 Rc2+ 28. Kg1 Rc8 29. Rf1 Qc5+ 30. Rf2 Nb6 31. Rf1 h6 32. Qf7 Kh7 33. Kg2
Nd5 34. Be5 Ne3+ 35. Kh3 Qxe5 36. Rg1 Qh5+ 37. Kg3 Qg4+ 38. Kh2 Qh4# 0-1

[Event "AUTO-OPEN-2035"]
[Site "http://www.queenalice.com/game.php?id=865599"]
[Date "2010.11.29"]
[Round "2"]
[White "fieldesigner"]
[Black "adres1"]
[Result "0-1"]
[WhiteElo "1679"]
[BlackElo "1800"]

1. h4 e5 2. d3 d5 3. Bg5 f6 4. Bd2 c6 5. Nf3 Ne7 6. d4 e4 7. Ng1 Bg4 8. f3 exf3
9. gxf3 Bh5 10. Bb4 a5 11. Bc3 Qd6 12. Nh3 Nd7 13. Qd2 Qg3+ 14. Kd1 b6 15. Nf4
Bf7 16. Ng2 g6 17. b4 a4 18. Ne1 Nf5 19. Na3 Bh6 20. e3 Nxe3+ 21. Kc1 O-O 22.
Bh3 Ng4 23. f4 Bxf4 24. Qxf4 Qxf4+ 25. Bd2 Qxd4 26. c3 Qe4 27. Bg2 Qf5 28. Nac2
Nde5 29. Nd4 Qd7 30. a3 Nf2 31. Rf1 Nfd3+ 32. Nxd3 Nxd3+ 33. Kc2 Ne5 34. Rxf6 b5
35. Bh6 Rfe8 36. Re1 Ng4 37. Bh3 Rxe1 38. Nxc6 Rae8 39. Nd4 Ne3+ 40. Kd2 Nc4+
41. Kd3 Qxh3+ 42. Nf3 Ra1 43. Kd4 Nxa3 44. Ng5 Qxh4+ 45. Kc5 Qc4+ 46. Kd6 Rd8+
47. Ke5 Re1+ 48. Ne4 Qxe4# 0-1

[Event "AUTO-OPEN-2035"]
[Site "http://www.queenalice.com/game.php?id=865600"]
[Date "2010.11.29"]
[Round "2"]
[White "adres1"]
[Black "fieldesigner"]
[Result "1-0"]
[WhiteElo "1857"]
[BlackElo "1611"]

1. e4 d5 2. exd5 Qxd5 3. Nf3 Qe4+ 4. Be2 e5 5. O-O Nc6 6. d3 Qg6 7. Nh4 Qd6 8.
Nc3 Qd8 9. g3 Bh3 10. Ng2 Bc5 11. Ne4 Qd5 12. Bf3 Qd4 13. c3 Qd8 14. Nxc5 b6 15.
Bxc6+ Kf8 16. Bxa8 Qxa8 17. Ne4 f5 18. Qf3 Nf6 19. Ng5 Qxf3 20. Nxf3 h6 21. Nxe5
Ke7 22. Re1 Kd8 23. Nf7+ Kd7 24. Nxh8 a5 25. Nf4 c5 26. Nxh3 1-0

[Event "AUTO-OPEN-2035"]
[Site "http://www.queenalice.com/game.php?id=865611"]
[Date "2010.11.29"]
[Round "2"]
[White "adres1"]
[Black "carbec"]
[Result "0-1"]
[WhiteElo "1817"]
[BlackElo "2180"]

1. e4 c5 2. d4 cxd4 3. Qxd4 Nc6 4. Qd1 Nf6 5. Nc3 e5 6. Bc4 Bb4 7. Nf3 Bxc3+ 8.
bxc3 O-O 9. Bg5 h6 10. Bh4 d6 11. O-O a6 12. Qd3 Qe7 13. h3 Be6 14. Bb3 Rfd8 15.
Nh2 g5 16. Bg3 d5 17. exd5 Nxd5 18. c4 Nf4 19. Qe4 Rd4 20. Qe3 Bxc4 21. Nf3 Bxf1
22. Nxd4 Bxg2 23. Nxc6 Bxc6 24. Bxf4 gxf4 25. Qd3 Qg5+ 26. Kf1 Rd8 27. Qc4 Bb5
28. Qxb5 axb5 29. Re1 f3 30. Re3 Rd1+ 31. Re1 Qg2# 0-1

[Event "AUTO-OPEN-2035"]
[Site "http://www.queenalice.com/game.php?id=865612"]
[Date "2010.11.29"]
[Round "2"]
[White "carbec"]
[Black "adres1"]
[Result "1-0"]
[WhiteElo "2159"]
[BlackElo "1848"]

1. e4 e5 2. Nf3 d6 3. d4 exd4 4. Nxd4 Bd7 5. Nc3 Nf6 6. Bc4 Be7 7. O-O c6 8. Bf4
O-O 9. Re1 Bg4 10. Be2 Nfd7 11. Bxg4 Ne5 12. Nf5 Bf6 13. Be2 g6 14. Qxd6 Nbd7
15. Nh6+ Kg7 16. Ng4 Nxg4 17. Bxg4 Ne5 18. Bxe5 Bxe5 19. Qxe5+ f6 20. Qc5 Rf7
21. Rad1 Qc7 22. Rd6 Re8 23. e5 fxe5 24. Be6 Rfe7 25. Qxe5+ Kh6 26. Re3 a6 27.
Rh3# 1-0

[Event "AUTO-ADV-2253"]
[Site "http://www.queenalice.com/game.php?id=975477"]
[Date "2011.8.22"]
[Round "1"]
[White "adres1"]
[Black "Janivgm"]
[Result "0-1"]
[WhiteElo "1711"]
[BlackElo "1773"]

1. e4 e5 2. Nf3 Nc6 3. Bb5 d6 4. O-O Bd7 5. d3 a6 6. Ba4 Nf6 7. Nc3 Be7 8. a3 h6
9. h3 Nb8 10. Bb3 Nc6 0-1